000 00504nam a2200169 i 4500
001 57065
003 ES-MaACL
005 20230906163515.0
007 t|
008 031014s1952 sp ||||1| spa d
245 0 0 _aDoce canciones gallegas /
_cGuridi...[et al.].
260 _a[S.l. :
_bs.n.,
_c1952] (
_eOrense :
_fGráf. Sánchez)
300 _a64 p., 29 lám. :
_bpart. ;
_c29 cm.
500 _aEn cub.: Diputación Provincial.
700 1 _aGuridi.
_960980
852 _aES-MaACL
_j1566-F-14
_bR.36063
999 _c57065
_d57065